Т. 1; Проблемы геологии и освоения недр

Xehetasun bibliografikoak
Parent link:Проблемы геологии и освоения недр: труды XV Международного симпозиума имени академика М. А. Усова студентов и молодых ученых, посвященного 110-летию со дня основания горно-геологического образования в Сибири, г. Томск, 4-8 апреля 2011 г./ Национальный исследовательский Томский политехнический университет (ТПУ), Институт природных ресурсов (ИПР); Общество инженеров-нефтяников, студенческий чаптер; гл. ред. О. Г. Савичев. Т. 1.— , 2011.— 978-5-98298-941-3
Gaia:В сборнике отражены проблемы палеонтологии, стратиграфии, тектоники, исторической и региональной геологии, минералогии, геохимии, петрологии, литологии, полезных ископаемых, металлогении, гидрогеологии, гидрогеохимии, инженерной геологии, геофизики, нефтяной геологии, геоинформационных систем в геологии, разработки нефтяных и газовых месторождений, переработки углеводородного сырья, нефтегазопромыслового оборудования, бурения нефтяных и газовых скважин, техники и технологии добычи, транспорта и хранения нефти и газа, горного дела, технологии и техники разведки месторождений полезных ископаемых, геоэкологии, гидрогеоэкологии, охраны и инженерной защиты окружающей среды, комплексного использования минерального сырья, землеустройства, экономики минерального сырья и горного права. Публикация сборника трудов XV Международного научного симпозиума осуществляется при информационной поддержке Министрества образования и науки РФ (Роснаука) и при поддержке Российского фонда фундаментальных исследований РФ.
Hizkuntza:errusiera
Argitaratua: 2011
Gaiak:
Formatua: MixedMaterials Liburua
KOHA link:https://koha.lib.tpu.ru/cgi-bin/koha/opac-detail.pl?biblionumber=205781

MARC

LEADER 00000nam2a2200000 4500
001 205781
005 20231101225312.0
010 |a 9785982989406 
035 |a (RuTPU)RU\TPU\book\224268 
090 |a 205781 
100 |a 20111214d2011 k y0rusy50 ca 
101 0 |a rus 
102 |a RU 
105 |a a z 111zy 
200 0 |a Т. 1 
210 |d 2011 
215 |a 501 с.  |c ил. 
320 |a Библиография в конце докладов. 
330 |a В сборнике отражены проблемы палеонтологии, стратиграфии, тектоники, исторической и региональной геологии, минералогии, геохимии, петрологии, литологии, полезных ископаемых, металлогении, гидрогеологии, гидрогеохимии, инженерной геологии, геофизики, нефтяной геологии, геоинформационных систем в геологии, разработки нефтяных и газовых месторождений, переработки углеводородного сырья, нефтегазопромыслового оборудования, бурения нефтяных и газовых скважин, техники и технологии добычи, транспорта и хранения нефти и газа, горного дела, технологии и техники разведки месторождений полезных ископаемых, геоэкологии, гидрогеоэкологии, охраны и инженерной защиты окружающей среды, комплексного использования минерального сырья, землеустройства, экономики минерального сырья и горного права. Публикация сборника трудов XV Международного научного симпозиума осуществляется при информационной поддержке Министрества образования и науки РФ (Роснаука) и при поддержке Российского фонда фундаментальных исследований РФ. 
452 1 |0 (RuTPU)RU\TPU\book\252532  |t Т. 1  |d 2011 
461 1 |0 (RuTPU)RU\TPU\book\224611  |y 978-5-98298-941-3  |t Проблемы геологии и освоения недр  |o труды XV Международного симпозиума имени академика М. А. Усова студентов и молодых ученых, посвященного 110-летию со дня основания горно-геологического образования в Сибири, г. Томск, 4-8 апреля 2011 г.  |f Национальный исследовательский Томский политехнический университет (ТПУ), Институт природных ресурсов (ИПР); Общество инженеров-нефтяников, студенческий чаптер; гл. ред. О. Г. Савичев  |v Т. 1  |d 2011 
606 1 |a Геология  |2 stltpush  |3 (RuTPU)RU\TPU\subj\6095  |9 34054 
610 1 |a недра 
610 1 |a освоение 
610 1 |a научные труды 
610 1 |a международные симпозиумы 
610 1 |a пленарные доклады 
610 1 |a палеонтология 
610 1 |a стратиграфия 
610 1 |a региональная геология 
610 1 |a минералогия 
610 1 |a геохимия 
610 1 |a петрография 
610 1 |a месторождения полезных ископаемых 
610 1 |a поиски 
610 1 |a разведка 
610 1 |a гидрогеология 
610 1 |a инженерная геология 
610 1 |a гидрогеохимия 
610 1 |a гидрогеоэкология 
610 1 |a геофизические методы 
610 1 |a нефть 
610 1 |a газ 
610 1 |a геоинформационные системы 
610 1 |a землеустройство 
675 |a 55(063)  |v 3 
801 1 |a RU  |b 63413507  |c 20111214 
801 2 |a RU  |b 63413507  |c 20210824  |g RCR 
942 |c BK